00433nam a2200145Ia 4500003000400000008004100004040001600045082001800061100002300079245007000102300001000172490004600182650001900228650004000247GCL140319s9999 xx 000 0 ara d aGCL / cGCL04a658.45bك ا1 aكينات, كيت10aاساليب الاقناع الادارى / cكينات, كيت a63 ص aسلسلة الدليل الادارىv004aالادارة04aالاتصالات الادارية